| 000 | 01511cam a2200385 a 4500 | ||
|---|---|---|---|
| 001 | 14776905 | ||
| 003 | OSt | ||
| 005 | 20140310182701.0 | ||
| 008 | 070321s2006 maua 000 0 eng | ||
| 010 | _a 2006902790 | ||
| 020 | _a9789814281799 | ||
| 020 | _a1413020526 | ||
| 040 |
_aDLC _cDLC _dDLC |
||
| 050 | 0 | 0 |
_aPE 1128 _b.J65 2009 |
| 082 | 0 | 0 |
_aM 428.0076 _bJ66 2009 |
| 100 | 1 | _aJohannsen, Kristin L. | |
| 245 | 1 | 0 |
_aEnglish for the humanities / _cJohannsen, Kristin L. |
| 260 |
_aBoston : _bThomson, _cc2009 |
||
| 300 |
_avi, 106 p. : _bill. ; _c28 cm. |
||
| 490 | 0 | _aProfessional English | |
| 521 | _a Highschool to College student | ||
| 526 | _c 0L to 1700L | ||
| 541 | _j1 | ||
| 541 | _j2 | ||
| 562 | _e for circulation. 2 copies available in the collection | ||
| 650 | 0 |
_aEnglish language _vTextbooks for foreign speakers. |
|
| 650 | 0 |
_aAdult education _vProblems, exercises, etc. |
|
| 650 | 0 |
_aSocial sciences _xStudy and teaching. |
|
| 856 | 4 | 2 |
_3Contributor biographical information _uhttp://www.loc.gov/catdir/enhancements/fy1104/2006902790-b.html |
| 856 | 4 | 2 |
_3Publisher description _uhttp://www.loc.gov/catdir/enhancements/fy1104/2006902790-d.html |
| 856 | 4 | 1 |
_3Table of contents only _uhttp://www.loc.gov/catdir/enhancements/fy1104/2006902790-t.html |
| 906 |
_a7 _bcbc _corignew _d2 _encip _f20 _gy-gencatlg |
||
| 942 |
_2lcc _cBK _kM |
||
| 999 |
_c15169 _d15169 |
||